[Event "last chance to add points to your rating this year"]
[Site "SchemingMind.com"]
[Date "2009.12.23"]
[Round "-"]
[White "Schaakmaatje"]
[Black "TONYTODD11"]
[Result "1-0"]
[WhiteCountry "NED"]
[BlackCountry "ENG"]
[WhiteElo "1680"]
[WhiteRD "47"]
[BlackElo "1498"]
[BlackRD "69"]
[GameID "231638"]

1. e4 e5 2. Nf3 d6 3. h3 Nc6 4. Bc4 Be7 5. c3 Nf6 6. d3 O-O 7. O-O d5 8. exd5 Nxd5 9. Nbd2 Nf4 10. Ne4 Nxh3+
11. gxh3 b6 12. Bg5 Bxh3 13. Re1 Bg4 14. Bxe7 Qxe7 15. Re3 Qd7 16. Qd2 Bh3 17. Nfg5 Bf5 18. Rg3 h6 19. Nf3 Qe7 20. Qxh6 g6
21. Nh4 Bxe4 22. dxe4 Nd8 23. Rxg6#
1-0

[Event "last chance to add points to your rating this year"]
[Site "SchemingMind.com"]
[Date "2009.12.23"]
[Round "-"]
[White "Schaakmaatje"]
[Black "calidore"]
[Result "1-0"]
[WhiteCountry "NED"]
[BlackCountry "ISR"]
[WhiteElo "1680"]
[WhiteRD "47"]
[BlackElo "1862"]
[BlackRD "76"]
[GameID "231639"]

1. e4 Nf6 2. Nc3 d5 3. exd5 Nxd5 4. Bc4 Nb6 5. Bb3 Nc6 6. h3 a5 7. a3 a4 8. Ba2 Bf5 9. d3 e6 10. Nf3 Be7
11. Bf4 O-O 12. O-O Bf6 13. Qd2 h6 14. Rfe1
1-0

[Event "last chance to add points to your rating this year"]
[Site "SchemingMind.com"]
[Date "2009.12.23"]
[Round "-"]
[White "Schaakmaatje"]
[Black "Queeny"]
[Result "1-0"]
[WhiteCountry "NED"]
[BlackCountry "ENG"]
[WhiteElo "1680"]
[WhiteRD "47"]
[BlackElo "1572"]
[BlackRD "64"]
[GameID "231640"]

1. e4 e5 2. Nf3 Nc6 3. Bc4 Nf6 4. d3 Bc5 5. O-O O-O 6. c3 d5 7. exd5 Nxd5 8. Bg5 Qd6 9. Bh4 Bg4 10. Nbd2 a6
11. Ne4 Bxf3 12. Qxf3 Qh6 13. Bxd5
1-0

[Event "last chance to add points to your rating this year"]
[Site "SchemingMind.com"]
[Date "2009.12.23"]
[Round "-"]
[White "Schaakmaatje"]
[Black "lemmie"]
[Result "1-0"]
[WhiteCountry "NED"]
[BlackCountry "NED"]
[WhiteElo "1680"]
[WhiteRD "47"]
[BlackElo "1630"]
[BlackRD "48"]
[GameID "231641"]

1. e4 e5 2. Nf3 Nc6 3. Bc4 Bc5 4. d3 a6 5. a3 h6 6. h3 Nf6 7. Nc3 d6 8. Bd2 b5 9. Ba2 Bd7 10. Nd5 O-O
11. c3 Nxd5 12. Bxd5 Rb8 13. O-O Ne7 14. Ba2 c6 15. Rc1 Ng6 16. d4 exd4 17. cxd4 Ba7 18. Be3 Qc8 19. Kh2 a5 20. b4 a4
21. Ng1 Qc7 22. f4 Rbe8 23. Qd3 Re7 24. Nf3 Rfe8 25. e5 dxe5 26. Qxg6 exd4 27. Bf2 Qxf4+ 28. Bg3 Qf5 29. Qxf5 Bxf5 30. Nxd4 Bxd4
31. Rxf5 g6 32. Rf3 Rc8 33. Rcf1
1-0

[Event "last chance to add points to your rating this year"]
[Site "SchemingMind.com"]
[Date "2009.12.23"]
[Round "-"]
[White "Schaakmaatje"]
[Black "muxman"]
[Result "1-0"]
[WhiteCountry "NED"]
[BlackCountry "ITA"]
[WhiteElo "1680"]
[WhiteRD "47"]
[BlackElo "1700"]
[BlackRD "87"]
[GameID "231643"]

1. e4 c5 2. Nf3 Nc6 3. d4 cxd4 4. Nxd4 Nf6 5. Nc3 a6 6. Be2 d6 7. O-O e6 8. Be3 Be7 9. a4 O-O 10. Qd2 Bd7
11. f4 Qc8 12. Nf3 Qc7 13. Rad1 Rac8 14. Bd3 Nb4 15. h3 Nxd3 16. cxd3 b5 17. axb5 axb5 18. Rc1 Qb7 19. Nd4 b4 20. Nce2 e5
21. Nf3 d5 22. Nxe5 dxe4 23. dxe4 Bc6= 24. Nxc6 Rxc6 25. Rxc6 Qxc6 26. e5 Ne4 27. Rc1 Nxd2= 28. Rxc6 Rd8 29. Nd4 g6 30. Kf2 Ne4+
31. Kf3 f5 32. Rc7 Bc5 33. Ne6
1-0

[Event "last chance to add points to your rating this year"]
[Site "SchemingMind.com"]
[Date "2009.12.23"]
[Round "-"]
[White "jtrochez1"]
[Black "Schaakmaatje"]
[Result "0-1"]
[WhiteCountry "HON"]
[BlackCountry "NED"]
[WhiteElo "1530"]
[WhiteRD "51"]
[BlackElo "1680"]
[BlackRD "47"]
[GameID "231644"]

1. e4 e5 2. Nf3 Nc6 3. Bc4 Bc5 4. Nxe5 Nxe5 5. d4 Nxc4 6. dxc5 Qe7 7. b3 Qxe4+ 8. Qe2 Qxe2+ 9. Kxe2 Ne5 10. Re1 Ne7
11. Bb2 d6 12. cxd6 cxd6 13. Kf1 O-O 14. Nd2 N7g6 15. Rad1 Bf5 16. c4 Nd3 17. Bxg7 Kxg7 18. Re3 Rae8 19. h3 Rxe3 20. fxe3 Re8
21. Ke2 Nb2 22. Rg1 Nf4+ 23. Kf2 Nfd3+ 24. Kf3 Be4+ 25. Nxe4 Ne5+ 26. Kf4 Nbd3+ 27. Kg3 Re6 28. Nd2 Rg6+ 29. Kh2 f5 30. Nf3 Nxf3+
31. gxf3 Rxg1 32. Kxg1 Nc1 33. e4 fxe4 34. fxe4 Nxa2
0-1

[Event "last chance to add points to your rating this year"]
[Site "SchemingMind.com"]
[Date "2009.12.23"]
[Round "-"]
[White "TONYTODD11"]
[Black "Schaakmaatje"]
[Result "0-1"]
[WhiteCountry "ENG"]
[BlackCountry "NED"]
[WhiteElo "1498"]
[WhiteRD "69"]
[BlackElo "1680"]
[BlackRD "47"]
[GameID "231645"]

1. e4 e5 2. f4 exf4 3. Nf3 Be7 4. g3 d5 5. Nc3 dxe4 6. Nxe4 Nf6 7. Neg5 O-O 8. Be2 Nd5 9. Bc4 Bxg5 10. h4 Re8+
11. Kf2 fxg3+ 12. Kxg3 Bf4+ 13. Kf2 Bg4 14. c3 Nc6 15. d4 Ne3 16. Qb3 Qf6 17. Bxf7+ Qxf7 18. Ne5 Nxe5 19. dxe5 Rxe5 20. Re1 Qxb3
21. axb3 Rf8 22. Bxe3 Bxe3+ 23. Kg2 Rf2+ 24. Kg3 Be2 25. Rxa7 Bxa7
0-1

[Event "last chance to add points to your rating this year"]
[Site "SchemingMind.com"]
[Date "2009.12.23"]
[Round "-"]
[White "calidore"]
[Black "Schaakmaatje"]
[Result "0-1"]
[WhiteCountry "ISR"]
[BlackCountry "NED"]
[WhiteElo "1862"]
[WhiteRD "76"]
[BlackElo "1680"]
[BlackRD "47"]
[GameID "231646"]

1. e4 e5 2. Nf3 Nc6 3. Bc4 Bc5 4. b4 Bxb4 5. c3 Be7 6. d4 Nf6 7. dxe5 Ng4 8. Bf4 O-O 9. h3 Nh6 10. Bxh6 gxh6
11. O-O d6 12. exd6 Qxd6 13. Qc1 Kh8 14. Rd1 Qg6
0-1

[Event "last chance to add points to your rating this year"]
[Site "SchemingMind.com"]
[Date "2009.12.23"]
[Round "-"]
[White "Queeny"]
[Black "Schaakmaatje"]
[Result "0-1"]
[WhiteCountry "ENG"]
[BlackCountry "NED"]
[WhiteElo "1572"]
[WhiteRD "64"]
[BlackElo "1680"]
[BlackRD "47"]
[GameID "231647"]

1. e4 e5 2. Nf3 Nc6 3. Bb5 a6 4. Bc4 Be7 5. O-O Nf6 6. Ng5 O-O 7. d3 h6 8. Nf3 d5 9. exd5 Nxd5 10. Qe1 Bf6
11. Be3 Bg4 12. Nbd2 Re8 13. Bb3 Nf4 14. Bxf4 exf4 15. Ne4 Bxb2 16. Rb1 Ba3 17. h3 Bxf3 18. gxf3 Nd4 19. Qa5 Bf8 20. Qh5 Nxb3
21. Rxb3 b5 22. Qf5 Bd6 23. Kh2 Qc8 24. Qd5 Re5 25. Nxd6 Rxd5 26. Nxc8 Rxc8 27. Rb4 Rf5 28. Re4 g5 29. Rb1 c5 30. Kg2 Kg7
31. Rb3 Rd5 32. c4 bxc4 33. Rxc4 Rc6 34. Ra3 Rdd6 35. Raa4 Rxd3 36. h4 Kg6
0-1

[Event "last chance to add points to your rating this year"]
[Site "SchemingMind.com"]
[Date "2009.12.23"]
[Round "-"]
[White "lemmie"]
[Black "Schaakmaatje"]
[Result "1-0"]
[WhiteCountry "NED"]
[BlackCountry "NED"]
[WhiteElo "1630"]
[WhiteRD "48"]
[BlackElo "1680"]
[BlackRD "47"]
[GameID "231648"]

1. e4 e5 2. Bc4 Nf6 3. Nc3 Bc5 4. Nf3 d6 5. a3 a5 6. d3 O-O 7. Qe2 Nc6 8. Be3 Bxe3 9. Qxe3 Ng4 10. Qe2 Kh8
11. h3 Nh6 12. Nd5 f5 13. exf5 Nxf5 14. O-O Ncd4 15. Nxd4 Nxd4 16. Qd2 c6 17. Ne3 Qg5 18. Kh1 Bxh3 19. gxh3 Rf3 20. Kh2 Raf8
21. Qe1 Qh4 22. Ng2 Rxf2 23. Rxf2 Rxf2 24. Qe3 Qf6 25. c3 Nf3+ 26. Kh1 Nd2 27. Qa7 h6 28. Qb8+ Kh7 29. Bg8+ Kg6 30. Qc8 Rf1+
31. Rxf1 Qxf1+ 32. Kh2 Nf3+ 33. Kg3 Ng5 34. Nh4+ Kh5 35. Qg4#
1-0

[Event "last chance to add points to your rating this year"]
[Site "SchemingMind.com"]
[Date "2009.12.23"]
[Round "-"]
[White "muxman"]
[Black "Schaakmaatje"]
[Result "1/2-1/2"]
[WhiteCountry "ITA"]
[BlackCountry "NED"]
[WhiteElo "1700"]
[WhiteRD "87"]
[BlackElo "1680"]
[BlackRD "47"]
[GameID "231650"]

1. e4 e5 2. f4 exf4 3. Nf3 Be7 4. h4 Nf6 5. d3 Nh5 6. Nc3 d6 7. Ne2 Ng3 8. Nxg3 fxg3 9. Bf4 Nc6 10. Qd2 Bg4
11. Be2 Bxf3 12. Bxf3 Bxh4 13. Rh3 Qe7 14. O-O-O h6 15. Rdh1 g5 16. Bxg3 Bxg3 17. Rxg3 O-O-O 18. Bg4+ Kb8 19. Rgh3 Ne5 20. Bf5 Qf6
21. d4=
1/2-1/2

[Event "last chance to add points to your rating this year"]
[Site "SchemingMind.com"]
[Date "2009.12.22"]
[Round "-"]
[White "Clive Everill"]
[Black "jtrochez1"]
[Result "1-0"]
[WhiteCountry "CZE"]
[BlackCountry "HON"]
[WhiteElo "1721"]
[WhiteRD "48"]
[BlackElo "1519"]
[BlackRD "55"]
[GameID "231709"]

1. e4 e5 2. Nc3 Nf6 3. f4 d6 4. Nf3 exf4 5. d4 Bd7 6. Bxf4 h6 7. Bd3 Bg4 8. h3 Bh5 9. Qe2 Bxf3 10. Qxf3 Nc6
11. Be3 Be7 12. O-O-O a6 13. g4 Qd7 14. a3 O-O-O 15. Qg2 g5 16. e5 Qe8 17. Bf5+ Kb8 18. d5 Nxe5 19. Qf2 Nfd7 20. Ba7+ Ka8
21. Bd4 f6 22. h4 Nf8 23. hxg5 fxg5 24. Ne4 Nfg6 25. Qf1 Nf4 26. c4 Rf8 27. c5 Nf7 28. Qc4 Qb5 29. Qxb5 axb5 30. cxd6 cxd6
31. Bb6 Rc8+ 32. Bxc8 Rxc8+ 33. Nc3 Ne5 34. Rxh6 Nc4 35. Bg1 b6 36. Kb1 Nxa3+ 37. Ka2 Nc4 38. Nxb5 Kb7 39. Rh7 Re8 40. b3 Ne5
41. Nxd6+
1-0

[Event "last chance to add points to your rating this year"]
[Site "SchemingMind.com"]
[Date "2009.12.21"]
[Round "-"]
[White "Clive Everill"]
[Black "calidore"]
[Result "1-0"]
[WhiteCountry "CZE"]
[BlackCountry "ISR"]
[WhiteElo "1709"]
[WhiteRD "47"]
[BlackElo "1862"]
[BlackRD "76"]
[GameID "231711"]

1. e4 Nf6 2. e5 Nd5 3. d4 d6 4. Nf3 Bg4 5. Be2 e6 6. h3 Bh5 7. c4 Nb6 8. exd6 cxd6 9. Nc3 Nc6 10. a3 Be7
11. O-O O-O 12. b3 Bf6 13. Be3 d5 14. c5 Nd7 15. b4
1-0

[Event "last chance to add points to your rating this year"]
[Site "SchemingMind.com"]
[Date "2009.12.21"]
[Round "-"]
[White "Clive Everill"]
[Black "Queeny"]
[Result "1-0"]
[WhiteCountry "CZE"]
[BlackCountry "ENG"]
[WhiteElo "1709"]
[WhiteRD "47"]
[BlackElo "1572"]
[BlackRD "64"]
[GameID "231712"]

1. e4 e5 2. Nc3 Nf6 3. f4 Nc6 4. fxe5 Nxe5 5. d4 Nc6 6. e5 Nxd4 7. Qxd4 Nh5 8. Nf3 g6 9. Bg5 Be7 10. Bxe7 Qxe7
11. Bc4 d6 12. O-O-O O-O 13. Nd5 Qd7 14. g4 Ng7 15. Nf6+ Kh8 16. Nxd7
1-0

[Event "last chance to add points to your rating this year"]
[Site "SchemingMind.com"]
[Date "2009.12.21"]
[Round "-"]
[White "Clive Everill"]
[Black "lemmie"]
[Result "1-0"]
[WhiteCountry "CZE"]
[BlackCountry "NED"]
[WhiteElo "1709"]
[WhiteRD "47"]
[BlackElo "1630"]
[BlackRD "48"]
[GameID "231713"]

1. e4 e5 2. Nc3 Bc5 3. f4 d6 4. Nf3 Nc6 5. Bb5 Bd7 6. Na4 Bb6 7. Nxb6 axb6 8. d3 Nf6 9. Bxc6 Bxc6 10. O-O exf4
11. Bxf4 O-O 12. e5 dxe5 13. Nxe5 Qd5 14. Qf3 Qxf3 15. Nxf3 h6 16. Bxc7 b5 17. Ne5 Rac8 18. Bd6 Rfe8 19. d4 Re6 20. Bb4 Rc7
21. Ba5 Rce7 22. Bd8 Re8 23. Bxf6 Rxf6 24. Rxf6 gxf6 25. Nxc6 bxc6 26. Kf2 b4 27. c3 bxc3 28. bxc3 Ra8 29. Ke3 Ra3 30. Kd3 Kg7
31. Kc4 Kg6 32. Kb4 Ra6 33. a4 f5 34. Kc5 Kf6 35. d5 cxd5 36. Kxd5 Ra5+ 37. Kc6 f4 38. Kb6 Re5 39. Ra2 Re6+ 40. Kc5 Re5+
41. Kb4 Re8 42. a5 Rb8+ 43. Ka4 Ra8 44. Rb2 Ra6 45. Rb6+
1-0

[Event "last chance to add points to your rating this year"]
[Site "SchemingMind.com"]
[Date "2009.12.24"]
[Round "-"]
[White "Clive Everill"]
[Black "Schaakmaatje"]
[Result "1-0"]
[WhiteCountry "CZE"]
[BlackCountry "NED"]
[WhiteElo "1709"]
[WhiteRD "47"]
[BlackElo "1680"]
[BlackRD "47"]
[GameID "231714"]

1. e4 e5 2. Nc3 Nf6 3. f4 d6 4. Nf3 Be7 5. Bc4 O-O 6. d3 Nc6 7. f5 Na5 8. Bb3 c6 9. Bd2 Nxb3 10. axb3 d5
11. O-O h6 12. Qe1 dxe4 13. dxe4 Nd7 14. Qg3 Kh8 15. Qh3 Rg8 16. Bxh6
1-0

[Event "last chance to add points to your rating this year"]
[Site "SchemingMind.com"]
[Date "2009.12.24"]
[Round "-"]
[White "Clive Everill"]
[Black "saidone"]
[Result "1-0"]
[WhiteCountry "CZE"]
[BlackCountry "ITA"]
[WhiteElo "1709"]
[WhiteRD "47"]
[BlackElo "1409"]
[BlackRD "72"]
[GameID "231715"]

1. e4 c5 2. Nf3 Nc6 3. c3 e6 4. d4 cxd4 5. cxd4 Nf6 6. Nc3 Bb4 7. Bd3 d5 8. e5 Nd7 9. O-O f5 10. exf6 Nxf6
11. Bg5 O-O 12. Ne2 Be7 13. a3 h6 14. Bh4
1-0

[Event "last chance to add points to your rating this year"]
[Site "SchemingMind.com"]
[Date "2009.12.21"]
[Round "-"]
[White "Clive Everill"]
[Black "muxman"]
[Result "0-1"]
[WhiteCountry "CZE"]
[BlackCountry "ITA"]
[WhiteElo "1709"]
[WhiteRD "47"]
[BlackElo "1700"]
[BlackRD "87"]
[GameID "231716"]

1. e4 c5 2. Nf3 d6 3. c3 Nc6 4. Be2 f5 5. d3 Nf6 6. O-O e6 7. Bg5 Be7 8. Nbd2 O-O 9. Qb3 Qd7 10. Rfd1 b6
11. exf5 Na5 12. Qxe6+ Qxe6 13. fxe6 Bxe6 14. Ne4 Rae8 15. Bxf6 gxf6 16. b4 Nc6 17. bxc5 bxc5 18. d4 Bf5 19. Ng3 Bg6 20. Bc4+ Bf7
21. d5 Ne5 22. Nxe5 fxe5= 23. Nf5 Bh5 24. Re1 Rxf5 25. f3 Rf4 26. Bb5 Ref8 27. c4 Bg6 28. Re3 Bg5 29. Rc3 Rd4 30. g3 Bd2
31. Ra3 a5 32. Kf2 Be4 33. Ke2 Bb4 34. Rb3 Rd2+ 35. Ke3 Bxf3 36. a3 Re2+ 37. Kd3 e4#
0-1

[Event "last chance to add points to your rating this year"]
[Site "SchemingMind.com"]
[Date "2009.12.21"]
[Round "-"]
[White "jtrochez1"]
[Black "Clive Everill"]
[Result "1-0"]
[WhiteCountry "HON"]
[BlackCountry "CZE"]
[WhiteElo "1530"]
[WhiteRD "51"]
[BlackElo "1709"]
[BlackRD "47"]
[GameID "231717"]

1. e4 e5 2. Bc4 Qh4 3. d3 Bc5 4. g3 Qf6 5. Nf3 h6 6. Nc3 c6 7. Qe2 Ne7 8. a3 a6 9. Be3 Bxe3 10. Qxe3 b5
11. Ba2 d6 12. Ne2 Be6 13. Bxe6 Qxe6 14. d4 Nd7 15. O-O-O Qa2 16. Nc3 a5 17. Nxa2
1-0

[Event "last chance to add points to your rating this year"]
[Site "SchemingMind.com"]
[Date "2009.12.21"]
[Round "-"]
[White "TONYTODD11"]
[Black "Clive Everill"]
[Result "0-1"]
[WhiteCountry "ENG"]
[BlackCountry "CZE"]
[WhiteElo "1498"]
[WhiteRD "69"]
[BlackElo "1709"]
[BlackRD "47"]
[GameID "231718"]

1. e4 d5 2. e5 Bf5 3. d4 e6 4. g4 Bg6 5. f3 Qh4+ 6. Ke2 Nd7 7. Bf4 O-O-O 8. Kd2 Qf2+ 9. Kc1 Bxc2 10. Nh3 Bxd1
11. Nxf2 Bxf3 12. Rg1 Ne7 13. Nd2 Be4 14. Ndxe4 dxe4 15. Nxe4 Nd5 16. Bd2 f5 17. Ng5 Re8 18. Bc4 N7b6 19. Bb5 c6 20. Nf7 Rg8
21. a3 g6 22. Bb4 cxb5
0-1

[Event "last chance to add points to your rating this year"]
[Site "SchemingMind.com"]
[Date "2009.12.22"]
[Round "-"]
[White "Queeny"]
[Black "Clive Everill"]
[Result "0-1"]
[WhiteCountry "ENG"]
[BlackCountry "CZE"]
[WhiteElo "1572"]
[WhiteRD "64"]
[BlackElo "1709"]
[BlackRD "47"]
[GameID "231720"]

1. e4 d6 2. Nc3 Nc6 3. Bb5 Nf6 4. Nf3 Bd7 5. O-O e5 6. d3 Be7 7. Bg5 a6 8. Bc4 b5 9. Bxf6 Bxf6 10. Bd5 O-O
11. b4 Rb8 12. Rb1 Nd4 13. Nxd4 exd4 14. Ne2 c5 15. c3 dxc3 16. a3 Be6 17. f4 Bxd5 18. exd5 cxb4 19. axb4 Qb6+ 20. Kh1 Rbc8
21. Qb3 Qe3 22. Qc2 Rfe8 23. Ng3 Qd4 24. Nf5 Qxd5 25. Rbe1 Rxe1 26. Rxe1 g6 27. Ne3 Qd4
0-1

[Event "last chance to add points to your rating this year"]
[Site "SchemingMind.com"]
[Date "2009.12.21"]
[Round "-"]
[White "lemmie"]
[Black "Clive Everill"]
[Result "0-1"]
[WhiteCountry "NED"]
[BlackCountry "CZE"]
[WhiteElo "1630"]
[WhiteRD "48"]
[BlackElo "1709"]
[BlackRD "47"]
[GameID "231721"]

1. e4 d5 2. exd5 Qxd5 3. Nc3 Qa5 4. Nf3 Nf6 5. d3 c6 6. Bd2 Qc7 7. Be2 Bf5 8. Bg5 h6 9. Bh4 Nbd7 10. h3 O-O-O
11. Bg3 e5 12. d4 Bd6 13. O-O exd4 14. Bxd6 Qxd6 15. Nxd4 Bg6 16. Bf3 Ne5 17. Nb3 Nxf3+ 18. Qxf3 Bxc2 19. Rfe1 Rhe8 20. Rxe8 Rxe8
21. Nd4 Qxd4 22. Rc1 Qd2 23. Rf1 Re1 24. a3 Rxf1+ 25. Kxf1 Bd3+ 26. Kg1 Bg6 27. Na4 Be4 28. Qg3 Qd1+
0-1

[Event "last chance to add points to your rating this year"]
[Site "SchemingMind.com"]
[Date "2009.12.24"]
[Round "-"]
[White "Schaakmaatje"]
[Black "Clive Everill"]
[Result "0-1"]
[WhiteCountry "NED"]
[BlackCountry "CZE"]
[WhiteElo "1676"]
[WhiteRD "50"]
[BlackElo "1721"]
[BlackRD "48"]
[GameID "231722"]

1. e4 Nc6 2. Nf3 f5 3. d3 d6 4. Nc3 Nf6 5. Be2 g6 6. Ng5 Bg7 7. f4 O-O 8. O-O h6 9. Nf3 fxe4 10. dxe4 e5
11. Bc4+ Kh7 12. fxe5 dxe5 13. Be3 Qe7 14. Nd5 Nxd5 15. exd5 Na5 16. Bb3 e4 17. Nd4 Rxf1+ 18. Qxf1 c5 19. Nb5 Bxb2 20. Rb1 Bg7
21. d6 Qe5 22. Bf4 Qf6 23. Rd1 Bd7 24. Nc7 Rd8 25. Rd5 Nxb3 26. axb3 Bc6 27. Rd1 Bf8 28. Bg3 Qxf1+ 29. Kxf1 Bd7 30. Be5 g5
31. Kf2 Kg6 32. Ke3 Bf5 33. Nd5 Kf7 34. Nc7 Rd7 35. Rd5 b6 36. Bg3 Kg6 37. Nb5 Be6 38. Re5 Bf5 39. Re8 Rf7 40. Nc7 h5
41. h3 h4 42. Be5 Bh6 43. Rg8+ Kh7 44. Rh8+ Kg6 45. Rg8+ Kh5 46. Ke2 g4 47. hxg4+ Bxg4+ 48. Ke1 e3 49. Ne8 Bg5 50. Rg7 Rf2
51. Rh7+ Kg6 52. Rg7+ Kh6 53. Rg8 Rxg2 54. Rh8+ Kg6 55. Rg8+ Kf5
0-1

[Event "last chance to add points to your rating this year"]
[Site "SchemingMind.com"]
[Date "2009.12.24"]
[Round "-"]
[White "saidone"]
[Black "Clive Everill"]
[Result "0-1"]
[WhiteCountry "ITA"]
[BlackCountry "CZE"]
[WhiteElo "1409"]
[WhiteRD "72"]
[BlackElo "1709"]
[BlackRD "47"]
[GameID "231723"]

1. e4 e5 2. Nf3 Nc6 3. Bb5 d6 4. h3 Nf6 5. O-O Be7 6. Re1 Bd7 7. d4 exd4 8. Nxd4 Nxd4 9. Bxd7+ Qxd7 10. Qxd4 c5
11. Qd3 O-O 12. Nc3 a6 13. Nd5 Nxd5
0-1

[Event "last chance to add points to your rating this year"]
[Site "SchemingMind.com"]
[Date "2009.12.21"]
[Round "-"]
[White "muxman"]
[Black "Clive Everill"]
[Result "1/2-1/2"]
[WhiteCountry "ITA"]
[BlackCountry "CZE"]
[WhiteElo "1700"]
[WhiteRD "87"]
[BlackElo "1709"]
[BlackRD "47"]
[GameID "231724"]

1. e4 d5 2. exd5 Qxd5 3. Nc3 Qa5 4. d4 Nf6 5. Nf3 Nc6 6. Bb5 Ne4 7. Bxc6+ bxc6 8. Bd2 Nxc3 9. Bxc3 Qb5 10. Qd3 Qd5
11. O-O Bf5 12. Qe2 e6 13. b3 Bd6 14. h3 O-O 15. Bb2 Qa5 16. Nd2 Bxh3 17. Nc4 Qg5 18. Qf3 Bg4 19. Qe4 Bf5 20. Qe2 Bf4
21. Bc1 Bxc1 22. Raxc1 Rfe8 23. Ne5 h5 24. Nf3 Qg4 25. Rfe1 h4 26. Ne5 Qxd4 27. Nxc6 Qd5 28. Ne5 h3 29. Qf3 Qd4 30. g4 f6
31. gxf5 fxe5 32. Re4 Qd2 33. Rce1 exf5 34. Rxe5 Rf8 35. Qd5+ Qxd5 36. Rxd5 Rf6 37. Kh2 c6 38. Rde5 Kf7 39. Re7+ Kg6 40. Rg1+ Kh5
41. Rexg7 Rh8 42. R7g5+ Kh6 43. f4 Re8 44. Kxh3 Re3+ 45. Kh4 Kh7 46. Rg7+ Kh8 47. Rg8+=
1/2-1/2

[Event "last chance to add points to your rating this year"]
[Site "SchemingMind.com"]
[Date "2009.12.19"]
[Round "-"]
[White "APB"]
[Black "jtrochez1"]
[Result "1-0"]
[WhiteCountry "ENG"]
[BlackCountry "HON"]
[WhiteElo "1587"]
[WhiteRD "57"]
[BlackElo "1530"]
[BlackRD "51"]
[GameID "231765"]

1. e4 e5 2. Nf3 Nc6 3. Bc4 h6 4. d4 Bd6 5. dxe5 Bxe5 6. Bxf7+ Kxf7 7. Nxe5+ Nxe5 8. Qd5+ Kf6 9. f4 Nc6 10. Bd2 Ke7
11. f5 Nf6 12. Qc5+ d6 13. Qc4 Qg8 14. Qd3 Ne5 15. Qe2 Bd7 16. b3 a6 17. Nc3 Bc6 18. O-O-O b5 19. Bf4 Qh7 20. Bxe5 dxe5
21. a3 Qg8 22. Qe3 a5 23. Qc5+ Kf7 24. Qxc6 Qb8 25. Nd5 Nxd5 26. Qxd5+ Kf8 27. Qxe5 c6 28. Qc5+ Kg8 29. g3 Qb7 30. e5 Re8
31. e6 Qe7 32. Qxe7 Rxe7 33. Rd8+ Kh7 34. Rd7 Rxd7 35. exd7 Rd8 36. Rd1 Kg8 37. h4 Kf7 38. Rd6 Ke7 39. Rd2
1-0

[Event "last chance to add points to your rating this year"]
[Site "SchemingMind.com"]
[Date "2009.12.21"]
[Round "-"]
[White "APB"]
[Black "TONYTODD11"]
[Result "1-0"]
[WhiteCountry "ENG"]
[BlackCountry "ENG"]
[WhiteElo "1587"]
[WhiteRD "57"]
[BlackElo "1498"]
[BlackRD "69"]
[GameID "231766"]

1. e4 c6 2. d4 d5 3. e5 f6 4. Nf3 Qc7 5. Bd3 Bg4 6. O-O Nh6 7. Bxh6 gxh6 8. exf6 exf6 9. Re1+ Be7 10. c4 Nd7
11. Nc3 Qf4 12. Qe2 Qd6 13. c5 Qe6 14. Qxe6 Bxe6 15. Rxe6 Kf7 16. Rae1 Bd8 17. Nh4 Rf8 18. Bxh7 f5 19. Bg6+ Kg7 20. Nxf5+ Rxf5
21. Bxf5 Bf6 22. Ne2
1-0

[Event "last chance to add points to your rating this year"]
[Site "SchemingMind.com"]
[Date "2009.12.20"]
[Round "-"]
[White "APB"]
[Black "calidore"]
[Result "0-1"]
[WhiteCountry "ENG"]
[BlackCountry "ISR"]
[WhiteElo "1535"]
[WhiteRD "61"]
[BlackElo "1995"]
[BlackRD "74"]
[GameID "231767"]

1. e4 Nf6 2. e5 Nd5 3. d4 d6 4. Nf3 g6 5. Bc4 Nb6 6. Bb3 Bg7 7. Ng5 O-O 8. Qf3 e6 9. Ne4 dxe5 10. Qh3 exd4
11. Bh6 e5 12. g4 Bxg4 13. Qxg4 Bxh6 14. Nbd2 Bg7 15. Nc5 Qc8 16. Qxc8 Nxc8 17. Nxb7 Nd6 18. Nxd6 cxd6 19. O-O-O Nd7 20. Ne4 Nc5
21. Bd5 Nxe4 22. Bxe4 Rab8 23. b3 Rfd8 24. Bd5 Rb5 25. Bc4 Ra5 26. Kb1 d5 27. b4 Rb8 28. Ka1 Rxb4 29. Bb3 e4 30. Kb1 Rc5
31. Rhe1 a5 32. a4 d3 33. Ka2 dxc2 34. Rc1 Rc3
0-1

[Event "last chance to add points to your rating this year"]
[Site "SchemingMind.com"]
[Date "2009.12.21"]
[Round "-"]
[White "APB"]
[Black "Queeny"]
[Result "1-0"]
[WhiteCountry "ENG"]
[BlackCountry "ENG"]
[WhiteElo "1587"]
[WhiteRD "57"]
[BlackElo "1572"]
[BlackRD "64"]
[GameID "231768"]

1. e4 e5 2. Nf3 Nc6 3. Bc4 Nf6 4. Ng5 d5 5. exd5 Nxd5 6. Nxf7 Kxf7 7. Qf3+ Ke8 8. Bxd5 Qd7 9. Nc3 Nb4 10. Bb3 Qf5
11. a3 Nxc2+ 12. Bxc2 Qxc2 13. d3 Bxa3 14. Rxa3 Qxc1+ 15. Nd1 Qf4 16. Qd5 Qd4 17. Qb3 e4 18. Qc2 Qb4+ 19. Rc3 Bf5 20. Qe2 Kd7
21. Qd2 Qd4 22. Rc4 Qd6 23. Qe3 Qg6 24. O-O Rae8 25. dxe4 Bxe4 26. Qd4+ Kc8 27. f3 Rd8 28. Qxa7 Bd3 29. Qa8+ Kd7 30. Rd4+ Ke7
31. Re1+ Kf7 32. Rf4+ Bf5 33. Qa2+ Kf8 34. Ne3 Re8 35. g4 Re5 36. Rxf5+ Rxf5 37. Nxf5 Qb6+ 38. Re3 g6 39. Qa3+ c5 40. Qa8+ Kf7
41. Qxh8 gxf5 42. Qxh7+
1-0

[Event "last chance to add points to your rating this year"]
[Site "SchemingMind.com"]
[Date "2009.12.21"]
[Round "-"]
[White "APB"]
[Black "Clive Everill"]
[Result "1-0"]
[WhiteCountry "ENG"]
[BlackCountry "CZE"]
[WhiteElo "1587"]
[WhiteRD "57"]
[BlackElo "1709"]
[BlackRD "47"]
[GameID "231769"]

1. e4 e5 2. Nf3 Nf6 3. Nxe5 d6 4. Nf3 Nxe4 5. d4 d5 6. Bd3 Nd6 7. O-O Bg4 8. Re1+ Be7 9. h3 Bh5 10. Re5 Bg6
11. Nc3 c6 12. b3 Nd7 13. Re1 O-O 14. Bxg6 fxg6 15. Bd2 Nf6 16. Ng5 Qd7 17. Bf4 Nf5 18. Ne6 Rfc8 19. f3 Bd6 20. Nc5 Qc7
21. Bxd6 Nxd6 22. Ne6 Qf7 23. Ng5 Qd7 24. Na4 b6 25. Nb2 Re8 26. Rxe8+ Rxe8 27. f4 h6 28. Nf3 Nde4 29. Ne5 Qf5 30. Qd3 Qxf4
31. Nd1 g5 32. Qf3 Qd2 33. Nxc6 Rc8 34. Ne7+ Kh8 35. Nxc8 Qxc2 36. Nxa7 Nd2 37. Qc3 Qf5 38. Qxd2 Ne4 39. Qd3 Qd7 40. Qa6 Qd6
41. Qd3 Ng3 42. Rc1 g6 43. Qf3 Nf5 44. g4 Nxd4 45. Rc8+ Kg7 46. Qc3 Qf4 47. Qc7+
1-0